Dreamworks-elokuvat - Statistics

General Stats
  • This quiz has been taken 20 times
  • The average score is 16 of 40
Answer Stats
Vuosi Elokuva % Correct
2001 Shrek
83%
2004 Shrek 2
83%
2019 Shrek 5
83%
2010 Shrek ja ikuinen onni
83%
2007 Shrek kolmas
83%
2005 Madagascar
67%
2008 Madagascar 2
67%
2012 Madagascar 3
67%
1998 Egyptin prinssi
58%
2008 Kung Fu Panda
50%
2011 Kung Fu Panda 2
50%
2016 Kung Fu Panda 3
50%
2011 Saapasjalkakissa
50%
2004 Hain tarina
42%
2000 Tie El Doradoon
42%
2006 Virran viemää
42%
2006 Yli aidan
42%
2000 Kananlento
33%
2010 Näin koulutat lohikäärmeesi
33%
2014 Näin koulutat lohikäärmeesi 2
33%
2019 Näin koulutat lohikäärmeesi 3
33%
2003 Sinbad-Seitsemän meren sankari
33%
2012 Viisi legendaa
33%
2005 Wallace & Gromit: Kanin kirous
33%
2017 Boss baby
25%
2014 Herra Peabody & Sherman
25%
2019 Jeti
25%
2000 Joosef-unten kuningas
25%
2010 Megamind
25%
2007 Mehiläisen elokuva
25%
2009 Möröt vastaan muukalaiset
25%
2002 Spirit-Villi ja vapaa
25%
2016 Trolls
25%
2020 Trolls: maailmankiertue
25%
2013 Croodit
17%
2013 Turbo
17%
1998 Anz
8%
2017 Kapteeni Kalsari
8%
2015 Vihdoin kotona
8%
2014 Madagascarin pingviinit
0%
No matching quizzes found
Score Distribution
Percent of People with Each Score
Percentile by Number Answered
Your Score History
You have not taken this quiz